000 00645cam a2200205 a 4500
001 000018323
005 20200929165444.0
008 000720s1993 ck a 000 j spa d
020 _a9589057330
040 _aDO-SdBNP
_bspa
_cLC
_dBNPHU
082 _aCo863.44
_bC112p
100 1 _aCabarcas Antequera, Hernando.
_d1959-
_939684
245 1 3 _aLa piedra y el caracol /
_cHernando Cabarcas.
260 _aBogotá, (Colombia) :
_bUniandes;
_bArte Dos Gráfico,
_c1993.
300 _a37 p. :
_bil. ;
_c26 cm.
650 4 _aCuento colombiano
_939685
650 4 _aLiteratura colombiana
_91244
910 _aCatalogación derivada / LC
049 _aBNGR
999 _c17844
_d17844